Didáctica de la escritura en la escuela primaria y secundaria /

Guardado en:
Autor Principal: Calkins, Lucy Mccormick
Formato: Libro
Publicado: Buenos Aires : Aique, 1993
Series:De la palabra
Materias:
Etiquetas: Agregar Etiqueta
Sin Etiquetas, Sea el primero en etiquetar este registro!
LEADER 00785nam a22001935a 4500
001 CEM.cems007479
005 20060214000000.0
008 130507s1993##################000#0#####d
003 CEMS
082 0 4 |a 372.6 
100 1 |a Calkins, Lucy Mccormick 
245 1 0 |a Didáctica de la escritura en la escuela primaria y secundaria / 
260 |a Buenos Aires :  |b Aique,  |c 1993 
300 |a 432 p. 
490 0 |a De la palabra 
505 0 |a I: Aspectos esenciales de la ense¤anza de la escritura. II: C¢mo evoluciónan los ni¤os escritores. III: Entrevistas de escritura. IV: La intervenci¢n del maestro. V: Conexiones entre lectura y escritura. VI: Tipos de discurso.- 
653 |a Didactica de la escritura 
653 |a Escritura 
859 |a CEMS  |b BIB. CEMS - 11 de abril  |h 372.6  |i C129  |p 17510.94  |t Ej.1